LEADER 01031nam2 22002773i 450 001 RMS0007318 005 20251003044343.0 100 $a20130827d1978 ||||0itac50 ba 101 | $aita 102 $ait 181 1$6z01$ai $bxxxe 182 1$6z01$an 200 0 $a1$fAdrian C. Melissinos, Frederick Lobkowicz$gtraduzione italiana a cura di Giovanna Tomasini e Umberto Trevisan 210 $aPadova$cPiccin$d1978 215 $aXVI, 675 p.$cill.$d25 cm. 461 1$1001UFI0011874$12001 $aFisica per scienze e ingegneria$fAdrian C. Melissinos, Frederick Lobkowicz$v1 606 $aFisica$2FIR$3CFIC002396$9E 676 $a530$9FISICA$v14 676 $a530$9Fisica$v22 801 3$aIT$bIT-000000$c20130827 850 $aIT-BN0095 $aIT-NA0079 912 $aRMS0007318 950 2$aBiblioteca Centralizzata di Ateneo$cv. 1-2$d 01SALA DING 530 MEL.fi$e 0102 0000032635 VMA A4(0001 v. 1$fY $h20000329$i20000329 977 $a 01$a BN 996 $a1$961339 997 $aUNISANNIO